| 000 | 00725cam a2200265 4500 | ||
|---|---|---|---|
| 001 | J86484 | ||
| 008 | 090401t1997 xxu||||| |||| 00| 0 eng d | ||
| 035 | _a(Sirsi) u80900 | ||
| 041 | _aeng | ||
| 050 | _a306.1 | ||
| 100 | _aMorrell, James | ||
| 245 | _aBusiness forecasts for the housing market to 2002. - Part 1 | ||
| 260 |
_aLondon _bJames Morrell Associates Publishing Ltd. _c1997 |
||
| 300 | _a91p. ; 30cm. | ||
| 350 | _a190 | ||
| 520 | _aRETURN BY HAND OR RECORDED DELIVERY. | ||
| 650 | _aHOUSE PRICES | ||
| 650 | _aHOUSING MARKET | ||
| 650 | _aHOUSING STATISTICS | ||
| 690 | _aHOUSING | ||
| 710 |
_aJames Morrell Associates _9810 |
||
| 710 |
_aCharterhouse _93558 |
||
| 942 | _n0 | ||
| 948 | _c16/09/1997 | ||
| 999 |
_c96653 _d96653 |
||